00629nam a2200169Ia 4500952013700000999001700137003000400154005001700158008004100175040000900216082002200225100002500247245009400272260003400366300000900400942005000409 00102ddc40708HISTORYaMESbMEScHISd2019-02-20g255.00l0o954.800321 RAM/Ep23123r2019-02-20 00:00:00w2019-02-20yBKzGL37R4 c20542d20542OSt20200706144311.0190216s9999||||xx |||||||||||||| ||und|| coclc a954.800321bRAM/E aRamakrishna, G93575 0aAn Encyclopaedia Of South Indian Culture /cG Ramakrishna ; N Gayathri ; D Chattopadhyaya bK P Bagghi,c1983.aCalcutta: a544p cBK2ddch954.800321iRAM/Ek954.800321mRAM/E